000 00353nam a2200133Ia 4500
008 240624s9999 xx 000 0 und d
041 _aeng
082 _a658.3124 RAI
100 _aRAINBIRD HELEN
245 _aTRAINING IN THE WORKPLACE MANAGEMENT WOR
260 _c2007
_aLondon
_bMacmillan Press
300 _axiii, : 293 : p. : cm. ; 23
365 _cBPS
999 _c6261
_d6261